000 00697cam a2200229 a 4500
001 13128086
005 20180222044053.0
008 030318s2004 njua b 001 0 eng
010 _a 2003048248
020 _a0130673358
040 _aDLC
_cDLC
_dDLC
041 _aeng
080 _a658.8342 SCH
082 0 0 _a658.8342 SCH
_221
100 1 _a52
101 _aBNJ
245 1 0 _aConsumer behavior /
_cLeon G. Schiffman, Leslie Lazar Kanuk.
504 _aIncludes bibliographical references and indexes.
906 _a7
_bcbc
_corignew
_d1
_eocip
_f20
_gy-gencatlg
942 _2ddc
_cBK
999 _c43154
_d43154